00442nam a22001457a 4500020001800000082001200018100002400030245004300054260004000097300000800137650001700145942000700162952011000169999001700279 a81-7049-068-5 a323 SUB aSubramanian, Dr. S. aHuman Rights: International Challenges aNew DelhibManas Publicationsc1997 a773 aHuman rights cBK 00104070aHMIbHMIcGENd2017-07-25g2200.00l4o323 SUBp18666r2019-10-03s2019-09-30w2017-07-25yBK c20564d20564